Flagships, umbrellas, and keystones: is single-species management passé in the landscape era? (Registro nro. 12027)

Detalles MARC
000 -CABECERA
Campo de control 005210000a22001570004500
090 ## - CLASIFICACIÓN LOCAL
Colección AR
Consecutivo 02969
041 0# - IDIOMA
Código de idioma para texto/pista de sonido o título separado
100 1# - ASIENTO PRINCIPAL--NOMBRE PERSONAL
Nombre personal Simberloff, Daniel
245 10 - MENCION DE TITULO
Título Flagships, umbrellas, and keystones: is single-species management passé in the landscape era?
650 14 - ASIENTO SECUNDARIO DE MATERIA - TERMINO TEMATICO
Término temático o nombre geográfico como elemento de entrada Especies sombrilla
650 14 - ASIENTO SECUNDARIO DE MATERIA - TERMINO TEMATICO
Término temático o nombre geográfico como elemento de entrada Ecología del paisaje
650 14 - ASIENTO SECUNDARIO DE MATERIA - TERMINO TEMATICO
Término temático o nombre geográfico como elemento de entrada Calidad del hábitat
650 14 - ASIENTO SECUNDARIO DE MATERIA - TERMINO TEMATICO
Término temático o nombre geográfico como elemento de entrada Especies en peligro
773 1# - Item fuente:
Título Biological Conservation
Especificación de materiales 147
Paginas del Articulo 247-257
Lugar, editorial y fecha de publicación 1998
Información sobre la relación 83
942 ## - ELEMENTOS ADICIONALES (KOHA)
Tipo de ítem Artículo
Existencias
Withdrawn status Lost status Damaged status No para préstamo Colección Ubicación Permanente Ubicación actual Fecha de adquisición Datos de publicación Seriada Total Checkouts Número topográfico Inventario / Código de Barras Date last seen Ejemplar Price effective from Forma de adquisición Tipo de material
      No para Préstamo Hemeroteca Bogotá Bogotá 27/02/2015 Fuera de circulación   AR 02969 013807 25/03/2015 1 25/03/2015   Artículo